Primera parte de las diferencias de libros q[ue] ay en el universo / (Record no. 145514)

MARC details
000 -LEADER
campo de control de longitud fija 00865nam a2200241 i 4500
001 - NÚMERO DE CONTROL
campo de control 145514
003 - IDENTIFICADOR DE NÚMERO DE CONTROL
campo de control ES-MaACL
007 - CAMPO FIJO DE DESCRIPCIÓN FÍSICA--INFORMACIÓN GENERAL
campo de control de longitud fija t|
008 - DATOS DE LONGITUD FIJA--INFORMACIÓN GENERAL
campo de control de longitud fija 071015s1983 sp ||||1| spa d
100 1# - ENTRADA PRINCIPAL--NOMBRE DE PERSONA
Nombre de persona Venegas, Alejo.
9 (RLIN) 113886
245 10 - MENCIÓN DEL TÍTULO
Título Primera parte de las diferencias de libros q[ue] ay en el universo /
Mención de responsabilidad, etc. Alejo Venegas ; prólogo de Daniel Eisenberg.
260 ## - PUBLICACIÓN, DISTRIBUCIÓN, ETC.
Lugar de publicación, distribución, etc. Barcelona :
Nombre del editor, distribuidor, etc. Puvill,
Fecha de publicación, distribución, etc. [1983]
300 ## - DESCRIPCIÓN FÍSICA
Extensión 1 vol. ;
Dimensiones 23 cm.
490 1# - MENCIÓN DE SERIE
Mención de serie Biblioteca Hispánica "Puvill" ;
Designación de volumen o secuencia 3.
Mención de serie Serie Literatura
500 ## - NOTA GENERAL
Nota general Reprod. facs. de la ed. de Toledo: Juan de Ayala, 1546.
650 17 - PUNTO DE ACCESO ADICIONAL DE MATERIA--TÉRMINO DE MATERIA
Término de materia o nombre geográfico como elemento de entrada Teología
Fuente del encabezamiento o término embne
9 (RLIN) 17457
655 #7 - TERMINO DE INDIZACIÓN--GENERO/FORMA
Fuente del término tgfbne
9 (RLIN) 226495
Datos o término principal de género/forma Facsímiles
700 1# - ENTRADA AGREGADA--NOMBRE PERSONAL
Nombre de persona Eisenberg, Daniel.
9 (RLIN) 46854
830 0# - PUNTO DE ACCESO ADICIONAL DE SERIE-TÍTULO UNIFORME
Título uniforme Biblioteca Hispánica "Puvill" ;
Designación de volumen o secuencia 3.
Título uniforme Serie Literatura
9 (RLIN) 220773
852 ## - LOCALIZACIÓN
Ubicación ES-MaACL
Número de control de estantería L-5141
Sublocalización o colección R.105537
942 ## - ELEMENTOS DE ENTRADA SECUNDARIOS (KOHA)
Fuente del sistema de clasificación o colocación Clasificación decimal universal
Holdings
Estatus retirado Estado de pérdida Estado de daño No para préstamo Biblioteca de origen Biblioteca actual Ubicación en estantería Fecha de adquisición Fuente de adquisición Total de préstamos Signatura topográfica completa Código de barras Visto por última vez Precio de reemplazo Tipo de ítem Koha
        Biblioteca del Ateneo de Madrid Biblioteca del Ateneo de Madrid Depósito 2 17/01/2008     L-5141 1151890 23/02/2023 23/02/2023 Libro impreso